000 00468pab a2200169 454500
008 180718b2010 xxu||||| |||| 00| 0 eng d
100 _aHochschild, Jennifer
245 _a"There's no one as Irish as Barack O'Bama': The policy and politics of American multiracialism
260 _c2010
300 _ap.737-759.
362 _aSep
650 _aEthnic groups
700 _aWeaver, Vesla Mae
773 _aPerspectives on Politics
908 _aN
909 _a89477
999 _c89477
_d89477